01608cam a22003254i 4500003000900000005001700009008004100026035001900067040003300086082002000119245002200139264004100161300003800202336002100240337002500261338002300286505084200309526001001151526001001161526001001171526001001181526000801191526000801199526000801207526000801215526000801223526000801231526000801239630003501247PE-LiUPU20250731173210.0150625s1979 sp r 000 0 spa d a(Sirsi) a31996 aPE-LiUPUbspacPE-LiUPUerda04a220.66bS7922104aExegesis Biblica. 1aMadrid :bEdiciones Paulinas,c1979. a199 páginas ;c21 centímetros atext2rdacontent aunmediated2rdamedia avolume2rdacarrier0 aLa sentencia contra la serpiente -- Cain, los kenitas y Yave -- Los hijos de Dios -- ¿Por que la confusion de lenguas en Babel? -- La alianza de Abraham -- Abrahm y el santuario de Mambre -- Los doce hijos de Jacob -- La pascua de Israel -- Y atravesaron el Jordan -- ¿Angeles en los campos de Belen? -- Una curacion y tres relatos. -Desde ahora seras pescador de hombres -- Una invitacion con consecuencias -- La resurreccion del Joven de Naim. -La entrada de Jesus en Jerusalen: ¿Una marcha triunfal? -- ¿Quien es el culpable de la muerte de Jesus? -- La fecha de la pasion de Jesus -- ¿Porque buscais entre los muertos al que esta vivo?. -Como fue el encuentro con Jesus. -La ascencion de Jesus: ¿Una invencion? -- Quedaron todos llenos del Espiritu Santo -- Tras las huellas de los copistas -- Tras las huellas de los copistas. aSEG42 aSEG41 aSEG40 aSEG39 aP94 aP87 aP86 aP85 aP77 aP76 aP35 aBibliaxEstudio y enseñanza.